| 000 | 00607nam a2200217 a 4500 | ||
|---|---|---|---|
| 999 |
_c1000 _d1000 |
||
| 008 | 191118t2012 ii ad||g |||| 00| 0 eng d | ||
| 020 |
_a9781259005060 _cRs. 220.00 |
||
| 040 |
_aKO _beng |
||
| 041 | 0 | _arng | |
| 044 | _aii | ||
| 082 | 0 | 4 |
_223 _a650.14 _bB4694 |
| 100 | 1 | _aBhargava, Munish | |
| 245 | 1 | 0 |
_aWinning Resumes and Successful Interviews / _cMunish Bhargava |
| 260 |
_aNew Delhi : _bTata McGraw Hill Education Private Limited , _c2012 |
||
| 300 |
_ax, 223 p. : _bill. ; _c23 cm |
||
| 650 | 0 | _aRésumés (Employment) | |
| 650 | 0 | _aInterviewing | |
| 904 | _aA_BOSE | ||
| 942 | _cBK | ||